[Event "Box Hill Open"]
[Site "Box Hill"]
[Date "2002.10.11"]
[Round "5.13"]
[White "Miller, Anthony"]
[Black "Hilliard, Geoffrey"]
[Result "1/2-1/2"]
[WhiteElo "1570"]
[BlackElo "1698"]
[Annotator "gb"]
[PlyCount "79"]
[EventDate "2002.09.13"]

1. e4 e5 2. Nf3 Nc6 3. Bc4 Bc5 4. d3 Nf6 5. Bg5 h6 6. Bh4 d6 7. h3 Be6 8. Nbd2
g5 9. Bg3 Qd7 10. Bxe6 Qxe6 11. Nb3 Bb6 12. Nfd2 d5 13. a3 O-O-O 14. Qe2 h5 15.
h4 Rdg8 16. O-O-O a5 17. exd5 Nxd5 18. Nc4 a4 19. Nxb6+ Nxb6 20. Nd2 Qa2 21.
Qe4 f6 22. Qf5+ Nd7 23. Qe4 Nd4 24. Nc4 c6 25. Kd2 Nc5 26. Qe3 b5 27. Nd6+ Kd7
28. Nf7 Qxf7 29. hxg5 Rxg5 30. f4 Nf5 31. Qxc5 Rxg3 32. Rh2 Qd5 33. Qa7+ Ke6
34. fxe5 Rxg2+ 35. Rxg2 Qxg2+ 36. Kc1 fxe5 37. Rg1 Qf3 38. Rg6+ Kd5 39. Qd7+
Kc5 40. Qa7+ 1/2-1/2

[Event "Box Hill Open"]
[Site "Box Hill"]
[Date "2002.10.11"]
[Round "5.15"]
[White "Lugo, Ruperto"]
[Black "Armerman, Mendel"]
[Result "1/2-1/2"]
[WhiteElo "1612"]
[BlackElo "1485"]
[Annotator "gb"]
[PlyCount "120"]
[EventDate "2002.09.13"]

1. d4 d5 2. c4 c6 3. Nc3 Nf6 4. Nf3 e6 5. cxd5 exd5 6. Bf4 Bd6 7. Bxd6 Qxd6 8.
e3 Bf5 9. Bd3 Bxd3 10. Qxd3 Nbd7 11. O-O O-O 12. a3 Rfe8 13. b4 a6 14. Rab1 Ne4
15. Nd2 Nxd2 16. Qxd2 Qg6 17. Ne2 Nf6 18. Ng3 h5 19. Kh1 h4 20. Ne2 Ne4 21. Qe1
Qh6 22. Nc3 Nxc3 23. Qxc3 Re6 24. h3 Rae8 25. Qd3 Qg5 26. Rb2 Qe7 27. a4 g5 28.
b5 axb5 29. axb5 Rg6 30. bxc6 bxc6 31. Qf5 Qe6 32. Qxe6 Rexe6 33. Rb7 g4 34.
hxg4 Rxg4 35. Rc7 Reg6 36. Rg1 Rf6 37. f3 Rg3 38. Rb7 h3 39. gxh3 Rxg1+ 40.
Kxg1 Rxf3 41. Re7 Rxh3 42. Kg2 Rh6 43. Kg3 Rf6 44. Kg4 Kg7 45. Rc7 Kg6 46. Re7
Re6 47. Rxe6+ fxe6 48. Kf4 Kf6 49. e4 dxe4 50. Kxe4 Ke7 51. Ke5 Kd7 52. Ke4 Kd6
53. Ke3 Kd5 54. Kd3 c5 55. dxc5 Kxc5 56. Ke4 Kd6 57. Kd4 e5+ 58. Ke3 Ke6 59.
Ke4 Kd6 60. Ke3 Kd5 1/2-1/2

[Event "Box Hill Open"]
[Site "Box Hill"]
[Date "2002.10.11"]
[Round "5.16"]
[White "Nemeth, Laszlo"]
[Black "Burak, Mehmed"]
[Result "0-1"]
[WhiteElo "1547"]
[BlackElo "1577"]
[Annotator "gb"]
[PlyCount "50"]
[EventDate "2002.09.13"]

1. d4 Nf6 2. Bg5 Ne4 3. Bf4 d5 4. c4 c6 5. e3 Qa5+ 6. Nd2 Nxd2 7. Qxd2 Qxd2+ 8.
Kxd2 Bf5 9. cxd5 cxd5 10. Rc1 Nc6 11. Bb5 Rc8 12. Nf3 f6 13. Bxc6+ bxc6 14. h4
Bd7 15. Rc3 e6 16. a3 Be7 17. Rhc1 O-O 18. g4 h6 19. Ke2 e5 20. dxe5 Bxg4 21.
Rxc6 Rxc6 22. Rxc6 fxe5 23. Rg6 Bxf3+ 24. Kxf3 exf4 25. exf4 Bf6 0-1

[Event "Box Hill Open"]
[Site "Box Hill"]
[Date "2002.10.11"]
[Round "5.17"]
[White "Spiric, Bob"]
[Black "Jenkins, Keith"]
[Result "0-1"]
[WhiteElo "1464"]
[BlackElo "1686"]
[Annotator "gb"]
[PlyCount "112"]
[EventDate "2002.09.13"]

1. e4 e6 2. d4 d5 3. exd5 exd5 4. Bd3 Bd6 5. Nf3 Ne7 6. Bg5 f6 7. Bh4 O-O 8.
O-O Bf5 9. Bg3 Bxg3 10. hxg3 c6 11. Nh4 Be4 12. Nc3 g5 13. Nf3 Bg6 14. Bxg6
Nxg6 15. Qd3 Qd7 16. Rae1 Na6 17. a3 Nc7 18. Re3 Rae8 19. Rfe1 Rxe3 20. Rxe3
Re8 21. Nd1 Ne7 22. Nh2 Qf5 23. Qe2 Qd7 24. Qh5 Nf5 25. Ng4 Re6 26. Nh6+ Nxh6
27. Qxh6 Nb5 28. c3 Nd6 29. Qh3 Re7 30. Qxd7 Rxd7 31. Re2 Kf7 32. f3 Re7 33.
Ne3 Nc4 34. Kf2 Rxe3 35. Rxe3 Nxe3 36. Kxe3 Kg6 37. g4 f5 38. gxf5+ Kxf5 39.
g4+ Kg6 40. f4 Kf6 41. Kf3 gxf4 42. Kxf4 h6 43. Kg3 Kg5 44. Kf3 Kh4 45. Kf4 a5
46. b3 Kh3 47. g5 hxg5+ 48. Kxg5 Kg3 49. Kf5 Kf3 50. Ke5 Ke3 51. c4 a4 52. cxd5
axb3 53. d6 b2 54. d7 b1=Q 55. d8=Q Qe4+ 56. Kf6 Qh4+ 0-1

[Event "Box Hill Open"]
[Site "Box Hill"]
[Date "2002.10.11"]
[Round "5.19"]
[White "O'Connor, Grayson"]
[Black "Simpson, Bruce"]
[Result "0-1"]
[WhiteElo "1497"]
[BlackElo "1393"]
[Annotator "gb"]
[PlyCount "44"]
[EventDate "2002.09.13"]

1. Nf3 Nf6 2. d4 d5 3. c4 c6 4. Nc3 Bf5 5. cxd5 Nxd5 6. Qb3 b6 7. e3 Nxc3 8.
bxc3 Bg6 9. Ne5 e6 10. Be2 Be7 11. Bf3 Qc7 12. Qc4 b5 13. Bxc6+ Nxc6 14. Qxc6+
Qxc6 15. Nxc6 Bd6 16. Nb4 a5 17. Nc6 O-O 18. Ne5 Bxe5 19. dxe5 Bd3 20. a4 Rfd8
21. axb5 Bxb5 22. Bd2 a4 0-1

[Event "Box Hill Open"]
[Site "Box Hill"]
[Date "2002.10.11"]
[Round "5.20"]
[White "Chmiel, Rad"]
[Black "Van Dijk, Devrim"]
[Result "1-0"]
[WhiteElo "1654"]
[BlackElo "1256"]
[Annotator "hl"]
[PlyCount "109"]
[EventDate "2002.09.13"]

1. d4 d5 2. Nf3 Nf6 3. g3 c6 4. Bg2 Bf5 5. O-O e6 6. c4 Nbd7 7. Qb3 Qb6 8. c5
Qxb3 9. axb3 Be7 10. Nc3 h6 11. b4 O-O 12. Nd2 b6 13. f3 a5 14. b5 cxb5 15.
Nxb5 bxc5 16. e4 Bg6 17. exd5 Bd3 18. Nc7 Ra7 19. dxe6 Bxf1 20. Kxf1 Rxc7 21.
exd7 cxd4 22. Nb3 Rxd7 23. Rxa5 Rb8 24. Bh3 Rdd8 25. Ra7 Kf8 26. Nd2 Ra8 27.
Rc7 Nd5 28. Rb7 Rdb8 29. Rd7 Ne3+ 30. Ke2 Rc8 31. Nb3 Rcb8 32. Nxd4 Nc4 33. Nc6
Re8 34. Kd3 Nb6 35. Rb7 Nd5 36. Bd7 Nf6 37. Bxe8 Rxe8 38. Nxe7 Rxe7 39. Rxe7
Kxe7 40. Kc4 Kd6 41. b4 Kc6 42. Bb2 Ne8 43. b5+ Kb7 44. h4 g6 45. g4 h5 46. Be5
hxg4 47. fxg4 Kb6 48. g5 Kb7 49. Kc5 Ka7 50. Kc6 Nc7 51. Kxc7 f6 52. gxf6 g5
53. hxg5 Ka8 54. f7 Ka7 55. Bd4+ 1-0

[Event "Box Hill Open"]
[Site "Box Hill"]
[Date "2002.10.11"]
[Round "5.21"]
[White "Wilson, Norm"]
[Black "Vijayakumar, Rukman"]
[Result "1/2-1/2"]
[WhiteElo "1588"]
[BlackElo "1252"]
[Annotator "hl"]
[PlyCount "93"]
[EventDate "2002.09.13"]

1. d4 Nf6 2. Nf3 g6 3. Bg5 Bg7 4. Nbd2 d6 5. e3 Nbd7 6. c3 O-O 7. Bd3 h6 8. Bh4
g5 9. Bg3 Nh5 10. Nxg5 Ndf6 11. Nge4 Nxe4 12. Nxe4 Nxg3 13. hxg3 f5 14. Nd2 e6
15. Qe2 d5 16. O-O-O b6 17. f4 c5 18. g4 c4 19. Bc2 b5 20. gxf5 exf5 21. Qf3 a5
22. Qg3 Rf6 23. Nf3 b4 24. Kd2 Raa6 25. Nh4 Qe7 26. Qh3 Qf8 27. Qf3 Qd6 28. Qh5
Qf8 29. g4 Bd7 30. Bxf5 Bxf5 31. Nxf5 bxc3+ 32. bxc3 Qa3 33. Rc1 Qxa2+ 34. Rc2
Qa3 35. Nxg7 Kxg7 36. Qe5 Qd6 37. Qh5 a4 38. g5 Rg6 39. gxh6+ Rxh6 40. Rg1+ Rg6
41. Rxg6+ Qxg6 42. Qxd5 a3 43. Ra2 Qd3+ 44. Kc1 Qxc3+ 45. Kd1 Qb3+ 46. Rc2 Rg6
47. Qe5+ 1/2-1/2

[Event "Box Hill Open"]
[Site "Box Hill"]
[Date "2002.10.11"]
[Round "5.22"]
[White "Turner, Adrian E"]
[Black "Wan, James"]
[Result "1-0"]
[WhiteElo "1562"]
[BlackElo "1238"]
[Annotator "hl"]
[PlyCount "113"]
[EventDate "2002.09.13"]

1. d4 d5 2. Nf3 e6 3. Nbd2 c5 4. c3 Nf6 5. e3 a6 6. Bd3 c4 7. Bc2 Qa5 8. O-O
Nc6 9. e4 Be7 10. Re1 O-O 11. Qe2 b5 12. e5 Nd7 13. Nf1 f6 14. exf6 Nxf6 15.
Ne5 Qc7 16. Ng3 Nxe5 17. dxe5 Nd7 18. Qh5 h6 19. Bxh6 Bf6 20. exf6 Nxf6 21. Qg6
Qf7 22. Qxf7+ Rxf7 23. Bg5 Bd7 24. Bxf6 Rxf6 25. Rad1 Re8 26. Re5 Rb8 27. a3 a5
28. Ne2 b4 29. axb4 axb4 30. f3 Rff8 31. Kf2 Rb6 32. Nd4 Ra8 33. Bb1 bxc3 34.
bxc3 Rb2+ 35. Re2 Rb6 36. Rde1 Ra3 37. Rc1 Ra1 38. Bh7+ Kxh7 39. Rxa1 Kg6 40.
f4 Kf6 41. g4 Kg6 42. h4 e5 43. f5+ Kf7 44. Rxe5 Rb2+ 45. Re2 Rxe2+ 46. Kxe2
Kf6 47. Kf3 Ke5 48. Re1+ Kd6 49. Kf4 Kc5 50. Re7 Ba4 51. Rc7+ Kb6 52. Rxg7 Bb3
53. f6 Ka5 54. f7 Ka4 55. f8=Q Ka5 56. Qb8 Ba4 57. Ra7# 1-0

[Event "Box Hill Open"]
[Site "Box Hill"]
[Date "2002.10.11"]
[Round "5.24"]
[White "Carey, Peter"]
[Black "Sellayah, Renishka"]
[Result "1-0"]
[WhiteElo "1377"]
[BlackElo "1226"]
[Annotator "hl"]
[PlyCount "83"]
[EventDate "2002.09.13"]

1. e4 c6 2. d4 d5 3. Nc3 dxe4 4. Nxe4 Bf5 5. Ng3 Bg6 6. h4 h6 7. Nf3 Nd7 8. Bf4
e6 9. Bc4 Ngf6 10. Qe2 Nb6 11. Bb3 Bd6 12. Bxd6 Qxd6 13. Rd1 Nbd5 14. Bxd5 Nxd5
15. O-O Nf4 16. Qd2 Nd5 17. Ne5 Bh7 18. c3 O-O 19. Ne2 Rad8 20. a3 c5 21. Nc4
Qc7 22. Ne3 Nf4 23. Qe1 Bd3 24. Nxf4 Bxf1 25. Nxe6 fxe6 26. Qxf1 cxd4 27. cxd4
Qb6 28. Qc4 Rc8 29. Qe2 Qc6 30. d5 exd5 31. Nxd5 Kh8 32. Ne7 Rce8 33. Re1 Qf6
34. f3 Qb6+ 35. Kf1 Rd8 36. Qe4 Qa6+ 37. Kg1 Rf6 38. h5 Qb6+ 39. Kh1 Qb5 40.
Ng6+ Kg8 41. a4 Qd5 42. Ne7+ 1-0